000
00298nam a22001337a 4500
008
180730b xxu||||| |||| 00| 0 eng d
082
_a
813.52
245
_a
Abnormal Psychology
_c
Hoeksema,S.N
260
_c
2007
300
_a
1
_f
CD
440
_x
9780073191447
760
_b
4th
942
_2
ddc
_c
MX
999
_c
46690
_d
46690